| 000 | 00726nam a22001937a 4500 | ||
|---|---|---|---|
| 003 | BD-DhUL | ||
| 005 | 20180411152056.0 | ||
| 008 | 180411s2018 bg a|||| |||| 000 0 ben | ||
| 020 | _a9789849082767 | ||
| 040 |
_aBD-DhUL _cBD-DhUL |
||
| 100 | 1 | _aসুজন, মুস্তফা মনওয়ার । | |
| 245 | 0 |
_aএকাত্তরের ডিসেম্বর / _cমুস্তফা মনওয়ার সুজন । |
|
| 260 |
_aঢাকা : _bউৎস, _c২০১৮ । |
||
| 300 |
_a৮০ পৃ. : _bচিত্র ; _c২২ সেমি । |
||
| 365 |
_aBDT _b150.0 |
||
| 651 | 0 |
_aবাংলাদেশ _xইতিহাস । |
|
| 651 | 0 |
_aBangladesh _xHistory. |
|
| 942 |
_2ddc _cBK |
||
| 999 |
_c240329 _d240329 |
||